Eugene o'neill's mouring becomes electra as a tragedy / (Record no. 41411)

MARC details
000 -LEADER
fixed length control field 00732nam a22002057a 4500
005 - DATE AND TIME OF LATEST TRANSACTION
control field 20100812151112.0
010 ## - LCCN (DPL NO)
LC control number ENG-100046
020 ## - INTERNATIONAL STANDARD BOOK NUMBER
International Standard Book Number 9789350011102
Terms of availability 75.00
035 ## - SYSTEM CONTROL NUMBER
System control number EN-83578
037 ## - SOURCE OF ACQUISITION
Source of stock number/acquisition DBAD/PUB
082 ## - DEWEY DECIMAL CLASSIFICATION NUMBER
Classification number 899.7208
100 ## - MAIN ENTRY--PERSONAL NAME
Personal name Ramesh, N.
245 ## - TITLE STATEMENT
Title Eugene o'neill's mouring becomes electra as a tragedy /
Statement of responsibility, etc by N. Ramesh
260 ## - PUBLICATION, DISTRIBUTION, ETC. (IMPRINT)
Place of publication, distribution, etc Perambalur
Name of publisher, distributor, etc Mercury Printers & Publications
Date of publication, distribution, etc 2008
270 ## - ADDRESS
City Perambalur
Postal code 621212
300 ## - PHYSICAL DESCRIPTION
Extent 74p.
Dimensions 20cm (pbk)
500 ## - GENERAL NOTE
General note Includes bibliogrphical references
942 ## - ADDED ENTRY ELEMENTS (KOHA)
Source of classification or shelving scheme Dewey Decimal Classification
Item type English Books
Classification part 899.7208
Call number suffix RAM
Holdings
Withdrawn status Lost status Not for loan Collection code Home library Current library Date acquired Source of acquisition Cost, normal purchase price Full call number Barcode Copy number Cost, replacement price Koha item type
    Not For Loan Non-fiction D.B.Act.Division D.B.Act.Division 12/08/2010 DBAD/PUB 75.00 899.708 RAM EN-83578 1 75.00 English Books

© Delhi Public Library
Hit Counter
free hit counter